| 000 | 00433nam a22001697a 4500 | ||
|---|---|---|---|
| 003 | OSt | ||
| 005 | 20220622094309.0 | ||
| 008 | 220622b |||||||| |||| 00| 0 eng d | ||
| 020 | _a0748764992 | ||
| 040 | _cHU | ||
| 082 | _a550.22`2DRU 2001 | ||
| 100 |
_a Drury, S. A. _d (Stephen A.), 1946- _934039 |
||
| 245 | _a Image interpretation in geology | ||
| 260 | _c2001 | ||
| 300 |
_aXi 290p _bPC _c30cm |
||
| 942 |
_2ddc _cBOOKS _n0 |
||
| 999 |
_c35504 _d35504 |
||